Numerical computational methods (Record no. 368)

MARC details
000 -LEADER
Fixed length control field 00486nam a22001937a 4500
003 - CONTROL NUMBER IDENTIFIER
Control field SEACOMMC
005 - DATE AND TIME OF LATEST TRANSACTION
Control field 20231110051536.0
008 - FIXED-LENGTH DATA ELEMENTS--GENERAL INFORMATION
Fixed length control field 231110b |||||||| |||| 00| 0 eng d
020 ## - INTERNATIONAL STANDARD BOOK NUMBER / ISBN
Price Rs. 390.00
040 ## - CATALOGING SOURCE
Original cataloging agency SEACOMMC
082 ## - DEWEY DECIMAL CLASSIFICATION NUMBER
Classification number 518
Book Number PAT
100 1# - MAIN ENTRY--PERSONAL NAME
Personal name Patil, P.B.
245 1# - TITLE STATEMENT
Title Numerical computational methods
Statement of responsibility P.B. Patil and U.P. Verma
260 ## - IMPRINT
Place of publication New Delhi
Name of publisher Narosa
Date of publication 2006
650 ## - SUBJECT ADDED ENTRY--TOPICAL TERM
Topical term Mathematics
650 ## - SUBJECT ADDED ENTRY--TOPICAL TERM
Topical term Numerical analysis
700 1# - ADDED ENTRY--PERSONAL NAME
Personal name Verma, U.P.
942 ## - ADDED ENTRY ELEMENTS (KOHA)
Koha item type Books
Holdings
Withdrawn status Lost status Source of classification Damaged status Not for loan Home library Current library Date acquired Total Checkouts Call number Accession number Date last seen Price effective from Koha item type
    Dewey Decimal Classification     SEACOM MANAGEMENT COLLEGE SEACOM MANAGEMENT COLLEGE 27/09/2006   518 PAT 05578 10/11/2023 10/11/2023 Books
© Seacom Engineering College, All rights reserved.    Powered by Koha